<?xml version="1.0" encoding="UTF-8"?>
<marc:record xmlns:marc="http://www.loc.gov/MARC21/slim">
   <marc:leader>00000nam a2200000 a 4500</marc:leader>
   <marc:datafield ind1="1" ind2=" " tag="100">
      <marc:subfield code="a">Siegner, Ingo</marc:subfield>
      <marc:subfield code="4">aut</marc:subfield>
      <marc:subfield code="e">Verfasser/-in</marc:subfield>
   </marc:datafield>
   <marc:datafield ind1="0" ind2="0" tag="245">
      <marc:subfield code="a">Der kleine Drache Kokosnuss</marc:subfield>
   </marc:datafield>
   <marc:datafield ind1="0" ind2="0" tag="245">
      <marc:subfield code="b">bei den alten Griechen</marc:subfield>
   </marc:datafield>
   <marc:datafield ind1="0" ind2="0" tag="245">
      <marc:subfield code="c">Ingo Siegner</marc:subfield>
   </marc:datafield>
   <marc:datafield ind1=" " ind2="1" tag="264">
      <marc:subfield code="a">München</marc:subfield>
      <marc:subfield code="b">cbj</marc:subfield>
      <marc:subfield code="c">2024</marc:subfield>
   </marc:datafield>
   <marc:datafield ind1="1" ind2=" " tag="490">
      <marc:subfield code="a">Drache Kokosnuss</marc:subfield>
      <marc:subfield code="v">33</marc:subfield>
   </marc:datafield>
   <marc:datafield ind1="1" ind2=" " tag="520">
      <marc:subfield code="a">Ein witziges Abenteuer zwischen Philosophen und Sagenwesen. (ab 6) (JE) Matilda gerät bei ihrem Schulaufsatz über den griechischen Philosophen Aristoteles an ihre Grenzen. Kokosnuss wiederum will unbedingt mehr über das Ungeheuer Hydra wissen. Glücklicherweise lässt sich mit einer Zeitreise in die griechische Antike beides verbinden, obwohl Oskar lieber dem Rätsel um den dreiköpfigen Drachen nachgegangen wäre. Selbstverständlich ist er letztendlich trotzdem bei der Reise dabei. Möge das Abenteuer beginnen, welches die drei auf schnellstem Wege zu Aristoteles bringt, der mehr Fragen an die sonderbaren Drachen hat als Matilda an ihn. Als Wegbegleiter zur sagenumwobenen Hydra bietet sich Aristoteles&#x91; Schüler Alexander, später bekannt als Alexander der Große, an, der die Freunde mutig beschützt &#x96; jedoch retten die Zeitreisenden dann am Ende den starken Kämpfer, weil sie sich nun mal besser mit Drachen auskennen als dieser. Erstaunlicherweise gelingt es dieser neu erschienenen Erzählung um den Drachen Kokosnuss, eine kleine Portion Geschichte mit viel Spannung zu transportieren. Das Verhältnis zwischen Text und Bebilderung spricht eine Zielgruppe ab dem Volkschulalter an &#x96; als Vorlesebuch, zum Selbstlesen können Kinder ab 7 Jahren das Buch zur Hand nehmen. Reizend und sehr ansprechend.</marc:subfield>
   </marc:datafield>
   <marc:datafield ind1=" " ind2=" " tag="020">
      <marc:subfield code="a">9783570181430</marc:subfield>
      <marc:subfield code="9">9783570181430</marc:subfield>
   </marc:datafield>
   <marc:datafield ind1=" " ind2=" " tag="020">
      <marc:subfield code="a">357018143X</marc:subfield>
      <marc:subfield code="9">357018143X</marc:subfield>
   </marc:datafield>
   <marc:datafield ind1=" " ind2=" " tag="300">
      <marc:subfield code="a">68 Seiten : Illustrationen</marc:subfield>
   </marc:datafield>
</marc:record>
